Access 2000 for dummies quick reference /
Đã lưu trong:
| Príomhúdar: | |
|---|---|
| Formáid: | Leabhar |
| Teanga: | English |
| Foilsithe: |
Foster City, CA :
IDG Books Worldwide,
1999
|
| Ábhair: | |
| Clibeanna: |
Cuir Clib Leis
Gan Chlibeanna, Bí ar an gcéad duine leis an taifead seo a chlibeáil!
|
| Thư viện lưu trữ: | Mạng thư viện Đại học Đà Nẵng |
|---|
| LEADER | 00890cam a2200349 i 4500 | ||
|---|---|---|---|
| 001 | 000045077 | ||
| 003 | 4198 | ||
| 005 | 20021115421157.0 | ||
| 008 | 010220|1999 vm 000 eng | ||
| 020 | |a 0764504452 | ||
| 040 | |a IRC |c IRC |d IRC | ||
| 041 | 0 | |a eng | |
| 082 | 1 | 4 | |a 005.7565 |b BA-A |
| 100 | 1 | |a Barrows, Alison | |
| 245 | 0 | 0 | |a Access 2000 for dummies quick reference / |c Alison Barrows |
| 260 | |a Foster City, CA : |b IDG Books Worldwide, |c 1999 | ||
| 300 | |a xiv, 220 p. : |b ill. | ||
| 630 | 0 | 4 | |a Computers |
| 630 | 0 | 4 | |a Microsoft Access |
| 650 | 0 | 4 | |a Database management. |
| 650 | 0 | 4 | |a Microsoft Access (Computer file) |
| OWN | |a DUT | ||
| 049 | 0 | 0 | |a mt |
| 999 | |a From the UDN01 | ||
| TYP | |a Monograph | ||
| TYP | |a Printed language | ||
| 980 | |a Mạng thư viện Đại học Đà Nẵng | ||


